000 00399nam a22001577a 4500
020 _a03-5000-020205
082 _a894-812
_bSAU/S
100 _aSAVYASACHI
245 _aSARDHARJI PHALITHANGAL
_bSARDHARJI PHALITHANGAL
246 _aSARDHARJI PHALITHANGAL
_bSARDHARJI PHALITHANGAL
250 _a2002
260 _aTHRISSUR
_bH& C PUBLICATIONS
_c2002
300 _a80
520 _aJOKES
942 _cBK
999 _c1006
_d1006